| 000 | 01100nam a22003017a 4500 | ||
|---|---|---|---|
| 001 | 5417 | ||
| 003 | FISKH | ||
| 005 | 20241204133534.0 | ||
| 008 | 241204b cb ||||| |||| 00| 0 eng d | ||
| 020 | _a9780545398893 | ||
| 040 |
_aFISKH _beng _cFISKH _dFISKH |
||
| 050 | _aPZ7.M992 | ||
| 082 | _a813.54 | ||
| 100 | _aMyers, Walter Dean | ||
| 245 |
_aWe Were Heroes : _bThe Journal of Scott Pendleton Collins: A World War II Soldier, Normandy, France, 1944 / _cby Walter Dean Myers |
||
| 250 | _aThis edition first printing , January 2012 | ||
| 260 |
_aNew York : _bScholastic ; _c1999 . |
||
| 300 |
_a137 pages : _billustrations ,maps ; _c20 cm . |
||
| 505 | _aT | ||
| 520 | _aA seventeen-year-old soldier from central Virginia records his experiences in a journal as his regiment takes part in the D-Day invasion of Normandy and subsequent battles to liberate France. | ||
| 521 | 8 |
_a810
_bLexile |
|
| 521 | 8 |
_aZ
_bRaz-Plus |
|
| 650 |
_asoldiers _vFiction |
||
| 650 |
_ahistory _vFiction |
||
| 700 |
_aScott, Steve _ebook designer |
||
| 942 |
_2ddc _cBK _n0 |
||
| 999 |
_c5417 _d5417 |
||